00890nam a2200277 ar4500001000500000005001700005006001900022008004100041090000900082100002400091245008100115246006000196260001300256300004600269500003200315504003100347526002100378563001600399650003000415650003600445650003400481650003500515650002400550700002300574999001500597444920221127090946.0a a 000 0 160202 su a | 000 0|eng d aSP-N1 aAl Hassan, Meshael.10aNFC based hotel management system /cby Meshael Al Hassan, Abdullah Al Kadi.10aNear Field Communication based hotel management system. c[2016?]. a[6], 74 leaves :billustrations ;c30 cm. aSupervisor: Dr. Adeel Baig. aIncludes bibl. references. aStudent project. aHard bound. 4aNear field communication. 4aWireless communication systems. 4aMobile communication systems. 4aHotelsxCommunication systems. 4aHotelsxManagement.0 aAl Kadi, Abdullah. c4447d4447